Tilastot visalle Valtioita kuvien mukaan #6

Klikkaa tästä pelataksesi tätä visaa!

Yleistilastot

  • Tätä visaa on pelattu 751 kertaa
  • Keskiarvotulos 8 / 14

Vastaustilastot

Vastaus% Oikein
Yhdistynyt kuningaskunta
91%
Pohjois-Korea
84%
Etelä-Afrikka
66%
Kiina
63%
Tansania
63%
Italia
61%
Israel | Palestiina | Jordania
60%
Afganistan
54%
Nicaragua
50%
Irak
47%
Venäjä
39%
Espanja
35%
Itävalta
34%
Namibia
22%

Tulosjakauma

Persentiili vastausten määrän mukaan

Jokaisen tuloksen saaneiden osuus

Tuloshistoriasi

Et ole pelannut tätä visaa